The evolving continents /

This book is about: The plate tectonic paradigm; Palaeomagnetism and continental tectonics; Rifts to oceans; ...

Сохранить в:
Библиографические подробности
Главный автор: Windley, Brian Frederick.
Формат:
Язык:English
Опубликовано: Chichester : John Wiley & Sons, 1995.
Редактирование:3rd ed.
Предметы:
Метки: Добавить метку
Нет меток, Требуется 1-ая метка записи!
Thư viện lưu trữ: Mạng thư viện Đại học Đà Nẵng
LEADER 00997cam a2200361 i 4500
001 000048673
003 8395
005 20030310102222.0
008 010323|1995 vm 000 eng
020 |a 0471917397 
040 |a IRC  |c IRC  |d IRC 
041 0 |a eng 
082 1 4 |a 551.136  |b WI-B 
100 1 |a Windley, Brian Frederick. 
245 0 4 |a The evolving continents /  |c Brian F. Windley. 
250 |a 3rd ed. 
260 |a Chichester :  |b John Wiley & Sons,  |c 1995. 
300 |a 526 p. ;  |c 24.5cm. 
520 3 |a This book is about: The plate tectonic paradigm; Palaeomagnetism and continental tectonics; Rifts to oceans; ... 
630 0 4 |a Continental drif. 
630 0 4 |a Geodynamics. 
650 0 4 |a Continental drift. 
650 0 4 |a Geodynamics. 
OWN |a DUT 
999 |a From the UDN01 
TYP |a Monograph 
TYP |a Printed language 
980 |a Mạng thư viện Đại học Đà Nẵng